ბათუმის შოთა რუსთაველის სახელმწიფო უნივერსიტეტის ბიბლიოთეკა

სპორტი აჭარაში : (ბიბ.ჩანაწერი № 38480)

000 -ლიდერი
ფიქსირებული სიგრძის საკონტროლო ველი 00959nam a2200241Ia 4500
001 - საკონტროლო ნომერი
საკონტროლო ველი 4493
003 - საკონტროლო ნომრის იდენტიფიკატორი
საკონტროლო ველი GE_BSU
005 - ბოლო ოპერაციის თარიღი და დრო
საკონტროლო ველი 20191021105808.0
008 - ფიქსირებული სიგრძის მონაცემთა ელემენტები - ზოგადი ინფორმაცია
ფიქსირებული სიგრძის საკონტროლო ველი 181216s2012||||ge |||||||||||||| ||geo||
020 ## - წიგნის საერთაშორისო სტანდარტული ნომერი
International Standard Book Number 9489941021473
040 ## - კატალოგიზაციის წყარო
Transcribing agency GE_BSU
041 ## - ენის კოდი
Language code of text/sound track or separate title geo
080 ## - უნივერსალური ათობითი კლასიფიკაციის ინდექსი
Universal Decimal Classification number 796(479.223) ჯ–50
100 ## - მთავარი ჩანაწერი - პიროვნების სახელი
Personal name ჯიოშვილი, ლევან
9 (RLIN) 4869
245 ## - ცნობა სათაურის შესახებ
Title სპორტი აჭარაში :
Remainder of title ფოტოალბომი /
Statement of responsibility, etc პროექტის ავტორი და მთ. რედ. ლევან ჯიოშვილი.
264 ## - წარმოების, გამოცემის, დისტრიბუციის და სხვა ცნობები
გამოცემის, წარმოების, დისტრიბუციის... ადგილი თბილისი :
გამოცემის, წარმოების, დისტრიბუციის... სახელწოდება ალიონი,
გამოცემის, წარმოების, დისტრიბუციის... თარიღი 2010.
300 ## - ფიზიკური აღწერა
Extent 492 გვ.:
Other physical details ილ.;
Dimensions 30 სმ.
504 ## - BIBLIOGRAPHY, ETC. NOTE
Bibliography, etc ბიბლიოგრ.: გვ. 493.
653 ## - INDEX TERM--UNCONTROLLED
Uncontrolled term სპორტი აჭარაში
653 ## - INDEX TERM--UNCONTROLLED
Uncontrolled term ფოტოალბომები
700 ## - ADDED ENTRY--PERSONAL NAME
Personal name ჯიოშვილი, ლევან
Relator term რედაქტორი
9 (RLIN) 4869
942 ## - ADDED ENTRY ELEMENTS (KOHA)
Koha item type წიგნი
Source of classification or shelving scheme
ეგზემპლარები
ჩამოწერის სტატუსი დაკარგული ეგზემპლარის სტატუსი კლასიფიკაციის წყარო ან თაროზე გაწყობის სქემა დაზიანების სტატუსი არ გაიცემა მუდმივი მდებარეობა (დაცვის ადგილი) ამჟამინდელი ადგილსამყოფელი თაროზე განთავსების ადგილი შეძენის თარიღი სრული შენახვის შიფრი შტრიხკოდი ბოლო ოპერაციის თარიღი ეგზემპლარის მიმდევრობითი ნომერი (კეტერი?) ფასის ძალაში შესვლის თარიღი ეგზემპლარის სახეობა საჯარო შენიშვნა
          ბათუმის შოთა რუსთაველის სახელმწიფო უნივერსიტეტის მთავარი ბიბლიოთეკა ბათუმის შოთა რუსთაველის სახელმწიფო უნივერსიტეტის მთავარი ბიბლიოთეკა წიგნსაცავი 2018-12-17 796(479.223) ჯ–50 6147 2018-12-17 6147 2018-12-17 წიგნი